000
00305nam a22001337a 4500
003
SGT
020
_a
9781574889208
082
_a
820
_b
T04B
100
_a
BICKSLER, BARBARA A.
245
_a
THE ALL- VOLUNTEER FORCE: 30YEARS OFSERVICE
260
_b
BRASSEY'S INC.
_c
2004
300
_a
384
942
_2
ddc
_c
BK
999
_c
29068
_d
29068